Welcome to the Holygrace Academy Library

Please use search bar below to get started

CRY FOR AN AWAKENING (Record no. 5128)

MARC details
000 -LEADER
fixed length control field 00334nam a22001337a 4500
020 ## - INTERNATIONAL STANDARD BOOK NUMBER
ISBN 81-87386-59-2
082 ## - DEWEY DECIMAL CLASSIFICATION NUMBER
Classification number 200
Item number JOH/C
100 ## - MAIN ENTRY--AUTHOR NAME
Personal name JOHN, THOMAS
245 ## - TITLE STATEMENT
Title CRY FOR AN AWAKENING
Remainder of title MISSION OF THE INDIAN CONTEXT
260 ## - PUBLICATION, DISTRIBUTION, ETC. (IMPRINT)
Place of publication THIRUVALLA
Name of publisher READERS PUBLICATIONS
Year of publication 2003
300 ## - PHYSICAL DESCRIPTION
Number of Pages 129
650 ## - SUBJECT ADDED ENTRY--TOPICAL TERM
Topical Term RELIGIOUS
Geographic subdivision INDIA
942 ## - ADDED ENTRY ELEMENTS (KOHA)
Koha item type Books
Holdings
Withdrawn status Lost status Collection code Home library Current library Shelving location Date acquired Source of acquisition Cost, normal purchase price Full call number Accession Number Koha item type
    Non-fiction Main Library Main Library SHELF 15 C-RELIGIOUS 30/01/2019 purchase 45.00 200 JOH/C 10860 Books